| 000 | 00677nam a2200205 i 4500 | ||
|---|---|---|---|
| 001 | 38447 | ||
| 003 | ES-MaACL | ||
| 005 | 20250513063019.0 | ||
| 007 | t| | ||
| 008 | 030225s1970 sp ||||1| spa d | ||
| 100 | 1 |
_aCalderón de la Barca, Pedro, _d1600-1681 _eaut _9239594 |
|
| 245 | 1 | 3 |
_aLa vida es sueño / _cPedro Calderón de la Barca ; introducción, edición y notas de Angel L. Cilveti. |
| 260 |
_a[Salamanca] : _bAnaya ; _a[Madrid : _bTordesillas, _c1970] |
||
| 300 |
_a157 p. : _bretr. aut. ; _c17 cm. |
||
| 650 | 1 | 4 |
_a _9239542 |
| 700 | 1 |
_aCilveti, Angel L. _938834 |
|
| 852 |
_aES-MaACL _jC-44965 _bR.76125 |
||
| 942 | _2udc | ||
| 999 |
_c38447 _d38447 |
||